[Event "Aalborg Larsen Gp1"]
[Site "Aalborg"]
[Date "2024.10.14"]
[Round "1"]
[White "Gottschalck, Christian"]
[Black "Steffensen, Elena"]
[Result "0-1"]
[WhiteElo "1757"]
[BlackElo "2003"]
[PlyCount "101"]
[EventDate "2024.10.14"]
[EventType "swiss"]
[EventRounds "5"]
[EventCountry "DEN"]
[SourceTitle "CB43_2024"]
[Source "Chessbase"]
[SourceDate "2024.10.23"]
[SourceVersion "1"]
[SourceVersionDate "2024.10.23"]
[SourceQuality "1"]

1. e4 g6 2. d4 Bg7 3. c3 d6 4. Nf3 Nf6 5. Bd3 0-0 6. 0-0 Nbd7 7. Re1 e5 8. h3 a6 9. a4 Rb8 10. Qe2 Re8 11. d5 Nc5 12. Bc2 c6 13. b4 Ncd7 14. c4 Qc7 15. Bb2 b5 16. axb5 cxd5 17. cxd5 Rxb5 18. Ba3 Nh5 19. Ba4 Nf4 20. Qf1 Rb8 21. Rc1 Qa7 22. Bc6 Rd8 23. Nbd2 Nf6 24. b5 N6h5 25. Kh2 Nxg2 26. Kxg2 Nf4+ 27. Kg1 Nxh3+ 28. Kg2 Bh6 29. Bb4 Nxf2 30. Ng1 Ng4 31. Ra3 Ne3+ 32. Rxe3 Qxe3 33. Qf6 Bg4 34. Rf1 Bf4 35. Qh4 h5 36. Ba5 Rf8 37. Re1 Qd3 38. Qf2 axb5 39. Ngf3 Qa3 40. Bc7 Rbc8 41. Bb6 Kg7 42. Be3 Bxe3 43. Rxe3 Qc5 44. Rb3 Qc2 45. Ne1 Qa2 46. Nd3 Rc7 47. Rxb5 Qa7 48. Rb6 f5 49. Qg1 fxe4 50. Nb4 Qa3 51. Nb1 0-1

[Event "Koge Lang Jubilee Weekend Gr-2"]
[Site "Koge"]
[Date "2022.07.10"]
[Round "9"]
[White "Gottschalck, Christian"]
[Black "Saravana, Vedant Kumar"]
[Result "0-1"]
[WhiteElo "1693"]
[BlackElo "1868"]
[PlyCount "72"]
[EventDate "2022.07.06"]
[EventType "tourn"]
[EventRounds "9"]
[EventCountry "DEN"]
[SourceTitle "EXT 2024"]
[Source "ChessBase"]
[SourceDate "2023.10.10"]
[SourceVersion "1"]
[SourceVersionDate "2023.10.10"]
[SourceQuality "1"]

1. e4 e5 2. Nf3 Nc6 3. d4 exd4 4. Bc4 Bb4+ 5. c3 Be7 6. cxd4 Bb4+ 7. Nc3 Nf6 8. Qd3 d5 9. exd5 Nxd5 10. 0-0 Bxc3 11. bxc3 0-0 12. Re1 h6 13. Ba3 Be6 14. Bxf8 Qxf8 15. Bb3 Qd6 16. Bc2 g6 17. Nh4 Nf4 18. Qg3 Ne7 19. Bb3 g5 20. Bxe6 fxe6 21. Qg4 Ned5 22. g3 Nf6 23. Qf3 Nh3+ 24. Kg2 Rf8 25. Ng6 g4 26. Qxb7 Rf7 27. Ne5 Rf8 28. Re2 h5 29. Rae1 Nd5 30. Ng6 Rf6 31. Qa8+ Kg7 32. Ne5 Nxc3 33. Rc2 Qxd4 34. Ree2 Qd1 35. Nf3 Rxf3 36. Qxf3 Qg1# 0-1

[Event "Koge Lang Jubilee Weekend Gr-2"]
[Site "Koge"]
[Date "2022.07.06"]
[Round "2"]
[White "Mortensen, Henrik"]
[Black "Gottschalck, Christian"]
[Result "1/2-1/2"]
[WhiteElo "1884"]
[BlackElo "1693"]
[PlyCount "56"]
[EventDate "2022.07.06"]
[EventType "tourn"]
[EventRounds "9"]
[EventCountry "DEN"]
[SourceTitle "EXT 2024"]
[Source "ChessBase"]
[SourceDate "2023.10.10"]
[SourceVersion "1"]
[SourceVersionDate "2023.10.10"]
[SourceQuality "1"]

1. d4 d5 2. Nc3 Nf6 3. Bg5 Bf5 4. f3 c6 5. Nh3 Nbd7 6. g4 Bg6 7. Nf4 e5 8. Nxg6 hxg6 9. e3 Bd6 10. Qe2 Qc7 11. 0-0-0 0-0-0 12. h4 Rde8 13. Qd3 Nh7 14. Bg2 f6 15. Qxg6 Reg8 16. dxe5 Nxe5 17. Qf5+ Kb8 18. f4 g6 19. fxe5 gxf5 20. exd6 Qd7 21. Bf4 Nf8 22. Bxd5 cxd5 23. Nxd5 Nh7 24. g5 fxg5 25. hxg5 Ka8 26. Nc7+ Kb8 27. Nd5 Ka8 28. Nc7+ Kb8 1/2-1/2

[Event "DEN-ch G7 Gr-2"]
[Site "Svendborg"]
[Date "2022.04.16"]
[Round "5"]
[White "Gottschalck, Christian"]
[Black "Christensen, Adam Stanczyk"]
[Result "1-0"]
[WhiteElo "1711"]
[BlackElo "1366"]
[PlyCount "55"]
[EventDate "2022.04.12"]
[EventType "swiss"]
[EventRounds "7"]
[EventCountry "DEN"]
[SourceTitle "EXT 2024"]
[Source "ChessBase"]
[SourceDate "2023.10.10"]
[SourceVersion "1"]
[SourceVersionDate "2023.10.10"]
[SourceQuality "1"]

1. d4 Nf6 2. Bf4 d5 3. e3 Bf5 4. Nf3 e6 5. c3 Bd6 6. Bg3 Bxg3 7. hxg3 Nbd7 8. Nbd2 0-0 9. Nh4 Bg6 10. Nxg6 fxg6 11. f4 Nh5 12. Rh3 c5 13. Bd3 Qb6 14. Qc2 c4 15. Be2 Nhf6 16. 0-0-0 Qa5 17. Kb1 b5 18. a3 Qb6 19. Bf3 a5 20. Rdh1 b4 21. Nxc4 Qc7 22. Ne5 Nxe5 23. fxe5 Ne4 24. Bxe4 dxe4 25. a4 Qc4 26. cxb4 Qxb4 27. Rxh7 Rfb8 28. Qf2 1-0

[Event "DEN-ch Seniors 65"]
[Site "Aalborg"]
[Date "2022.02.22"]
[Round "3"]
[White "Bohnstedt, Michael"]
[Black "Gottschalck, Christian"]
[Result "0-1"]
[WhiteElo "1415"]
[BlackElo "1746"]
[PlyCount "38"]
[EventDate "2022.02.20"]
[EventType "swiss"]
[EventRounds "7"]
[EventCountry "DEN"]
[SourceTitle "EXT 2024"]
[Source "ChessBase"]
[SourceDate "2023.10.10"]
[SourceVersion "1"]
[SourceVersionDate "2023.10.10"]
[SourceQuality "1"]

1. e4 d5 2. exd5 Nf6 3. Nf3 Bg4 4. h3 Bxf3 5. Qxf3 Qxd5 6. Qxd5 Nxd5 7. c4 Nb4 8. Kd1 N8c6 9. a3 Na6 10. b4 Nd4 11. Bb2 Rd8 12. d3 e5 13. f3 Be7 14. Nc3 c6 15. Ne2 0-0 16. Nxd4 exd4 17. g3 Bf6 18. Kc2 Rfe8 19. Bg2 Re2+ 0-1

[Event "DEN-ch Seniors 65"]
[Site "Aalborg"]
[Date "2022.02.21"]
[Round "2"]
[White "Gottschalck, Christian"]
[Black "Rasmussen, Anders1"]
[Result "1/2-1/2"]
[WhiteElo "1746"]
[BlackElo "1474"]
[PlyCount "112"]
[EventDate "2022.02.20"]
[EventType "swiss"]
[EventRounds "7"]
[EventCountry "DEN"]
[SourceTitle "EXT 2024"]
[Source "ChessBase"]
[SourceDate "2023.10.10"]
[SourceVersion "1"]
[SourceVersionDate "2023.10.10"]
[SourceQuality "1"]

1. c4 c5 2. Nc3 Nc6 3. g3 Nf6 4. Bg2 e6 5. e4 d6 6. Nge2 Be7 7. 0-0 0-0 8. d4 cxd4 9. Nxd4 e5 10. Nb3 a6 11. h3 Rb8 12. Be3 b6 13. Nd5 Nxd5 14. cxd5 Na5 15. Nxa5 bxa5 16. Qd2 a4 17. Rfc1 Bd7 18. Rc2 Rc8 19. Rac1 Rxc2 20. Rxc2 Bb5 21. Bf1 Qd7 22. Bxb5 axb5 23. Kg2 Rc8 24. Qc1 Rxc2 25. Qxc2 Bd8 26. Qc3 Qc7 27. Qb4 Qd7 28. f4 f6 29. f5 h6 30. g4 Kf7 31. Kf3 Ke7 32. h4 Kf7 33. h5 Ke7 34. Qd2 Qe8 35. Kg3 Qf8 36. Qc3 Qe8 37. Kh4 Kf7 38. Qc8 Be7 39. Qb7 Kf8 40. Bb6 Kg8 41. Qc6 Kf8 42. Qb7 Kf7 43. Bc7 Kf8 44. Qb8 Qxb8 45. Bxb8 Ke8 46. Bc7 Kd7 47. Ba5 Bd8 48. Bb4 Bc7 49. Kg3 Bb6 50. Kf3 Bc5 51. Bxc5 dxc5 52. b3 axb3 53. axb3 Kd6 54. Ke3 Kd7 55. Kd3 Kd6 56. Kc3 Kd7 1/2-1/2

[Event "DEN-ch Seniors 65"]
[Site "Logumkloster"]
[Date "2020.02.13"]
[Round "5"]
[White "Gottschalck, Christian"]
[Black "Stald, Flemming"]
[Result "1/2-1/2"]
[WhiteElo "1701"]
[BlackElo "1836"]
[PlyCount "69"]
[EventDate "2020.02.09"]
[EventType "swiss"]
[EventRounds "7"]
[EventCountry "DEN"]
[SourceTitle "EXT 2021"]
[Source "ChessBase"]
[SourceDate "2020.10.23"]
[SourceVersion "1"]
[SourceVersionDate "2020.10.23"]
[SourceQuality "1"]

1. e4 b6 2. d4 e6 3. Bd3 Bb7 4. Nf3 Nf6 5. Qe2 d5 6. e5 Nfd7 7. c3 c5 8. 0-0 Nc6 9. a3 a5 10. Be3 c4 11. Bc2 b5 12. Ng5 g6 13. f4 a4 14. Nd2 Qe7 15. g4 h6 16. Nh3 0-0-0 17. f5 gxf5 18. gxf5 exf5 19. Bxf5 Re8 20. Qh5 Nd8 21. Kh1 Bg7 22. Rae1 Kb8 23. Qg4 Ne6 24. Nf3 Reg8 25. Qh4 Bf8 26. Rg1 Ng7 27. Qg4 Bc8 28. Bf4 Kb7 29. Nf2 Nxf5 30. Qxf5 Nb6 31. Qh5 Qe6 32. Rxg8 Rxg8 33. Rg1 Rh8 34. Nd1 Qf5 35. Qxf5 1/2-1/2

[Event "Helsingor Xtracon op"]
[Site "Helsingor"]
[Date "2019.07.21"]
[Round "3"]
[White "Kakulidis, Ellen"]
[Black "Gottschalck, Christian"]
[Result "1-0"]
[WhiteElo "1998"]
[BlackElo "1684"]
[PlyCount "105"]
[EventDate "2019.07.20"]
[EventType "swiss"]
[EventRounds "10"]
[EventCountry "DEN"]
[SourceTitle "CBM 191 Extra"]
[Source "ChessBase"]
[SourceDate "2019.09.30"]
[SourceVersion "1"]
[SourceVersionDate "2019.09.30"]
[SourceQuality "1"]

1. d4 d5 2. Nf3 Nc6 3. Bf4 Bf5 4. e3 a6 5. Be2 e6 6. 0-0 Bd6 7. c3 Bxf4 8. exf4 Nge7 9. Nbd2 Ng6 10. g3 Bh3 11. Re1 h6 12. Nf1 Qf6 13. Ne3 Nce7 14. Ne5 Nxe5 15. dxe5 Qg6 16. Bh5 Qh7 17. Bxf7+ Kxf7 18. Qh5+ Qg6 19. Qxh3 h5 20. Rad1 h4 21. Qg4 Qxg4 22. Nxg4 hxg3 23. fxg3 Nf5 24. Nf2 Rh7 25. Nd3 Rah8 26. Rd2 b6 27. Nb4 a5 28. Nc6 Nxg3 29. hxg3 Rh1+ 30. Kf2 R8h2+ 31. Kf3 Rxd2 32. Rxh1 Rxb2 33. Rc1 Rxa2 34. g4 Ra4 35. Nd4 Rc4 36. f5 exf5 37. gxf5 a4 38. Nb5 Ke7 39. Na3 Rc5 40. Ke3 c6 41. Kd4 Ra5 42. Rg1 Kf8 43. Rg6 Rc5 44. Rd6 Ke7 45. Re6+ Kf7 46. Rg6 Kf8 47. Rg1 Ra5 48. Rb1 Ra6 49. e6 Ke7 50. Ke5 b5 51. Rg1 Kf8 52. Kd6 d4 53. e7+ 1-0

[Event "Helsingor Xtracon op"]
[Site "Helsingor"]
[Date "2018.07.22"]
[Round "2"]
[White "Henningsen, Lasse"]
[Black "Gottschalck, Christian"]
[Result "1/2-1/2"]
[WhiteElo "1930"]
[BlackElo "1721"]
[PlyCount "72"]
[EventDate "2018.07.21"]
[EventType "swiss"]
[EventRounds "10"]
[EventCountry "DEN"]
[SourceTitle "CBM 185 Extra"]
[Source "ChessBase"]
[SourceDate "2018.07.29"]
[SourceVersion "1"]
[SourceVersionDate "2018.07.29"]
[SourceQuality "1"]

1. e4 d5 2. exd5 Qxd5 3. d4 Nf6 4. Nf3 Bg4 5. Be2 e6 6. 0-0 c6 7. Be3 Be7 8. c4 Qd8 9. Nc3 0-0 10. Qb3 Qb6 11. Qxb6 axb6 12. h3 Bh5 13. g4 Bg6 14. Ne5 Rd8 15. d5 Nbd7 16. Nxg6 hxg6 17. dxe6 fxe6 18. g5 Ne8 19. Bg4 Kf7 20. Rfe1 Nd6 21. b3 Nf5 22. Bxf5 gxf5 23. Na4 b5 24. cxb5 cxb5 25. Nb2 e5 26. f4 e4 27. a4 bxa4 28. Rxa4 b5 29. Raa1 Nc5 30. b4 Nb3 31. Rab1 Bxb4 32. Re2 Bc5 33. Nd1 Nd4 34. Reb2 Nf3+ 35. Kf2 Bxe3+ 36. Nxe3 Nd4 1/2-1/2

[Event "DEN-ch G5-2"]
[Site "Svendborg"]
[Date "2018.03.29"]
[Round "1"]
[White "Gottschalck, Christian"]
[Black "Raahauge, Lars"]
[Result "0-1"]
[WhiteElo "1701"]
[BlackElo "1856"]
[PlyCount "80"]
[EventDate "2018.03.29"]
[EventType "swiss"]
[EventRounds "5"]
[EventCountry "DEN"]
[SourceTitle "EXT 2019"]
[Source "ChessBase"]
[SourceDate "2018.10.10"]
[SourceVersion "1"]
[SourceVersionDate "2018.10.10"]
[SourceQuality "1"]

1. e4 c6 2. d4 d5 3. exd5 cxd5 4. Bd3 Nc6 5. c3 g6 6. Bf4 Bg7 7. Nf3 Nh6 8. Nbd2 0-0 9. 0-0 f6 10. Re1 Nf7 11. Bg3 e5 12. dxe5 fxe5 13. Qc2 e4 14. Nxe4 dxe4 15. Bxe4 Qb6 16. h3 Bd7 17. Rad1 Be8 18. Bh4 Rc8 19. Qe2 Rc7 20. Bd5 h6 21. Bb3 Kh7 22. Bc2 Nfe5 23. Rd6 Qc5 24. Red1 Nxf3+ 25. gxf3 Qh5 26. Bg3 Qxf3 27. Qe6 Qf7 28. Qg4 Ne5 29. Qh5 Rc5 30. Bxg6+ Qxg6 31. Rxg6 Nf3+ 32. Qxf3 Rxf3 33. Re6 Bc6 34. Re7 Rg5 35. Kh2 Rgf5 36. Rd2 Rf7 37. Rde2 Rxe7 38. Rxe7 Kg6 39. Kg1 Rd3 40. Re1 Rd2 0-1

[Event "Helsingor Xtracon op"]
[Site "Helsingor"]
[Date "2017.07.27"]
[Round "7"]
[White "Gottschalck, Christian"]
[Black "Stuhlmann, Alexander"]
[Result "0-1"]
[WhiteElo "1705"]
[BlackElo "1895"]
[PlyCount "126"]
[EventDate "2017.07.22"]
[EventType "swiss"]
[EventRounds "10"]
[EventCountry "DEN"]
[SourceTitle "CBM 179 Extra"]
[Source "ChessBase"]
[SourceDate "2017.08.23"]
[SourceVersion "1"]
[SourceVersionDate "2017.08.23"]
[SourceQuality "1"]

1. e4 d6 2. d4 Nf6 3. Bd3 e5 4. c3 Be7 5. Ne2 Nbd7 6. 0-0 0-0 7. f4 exf4 8. Nxf4 Re8 9. Nd2 Nf8 10. Nf3 Ng6 11. Nxg6 hxg6 12. Ng5 Rf8 13. Qb3 d5 14. e5 Ng4 15. Nf3 c5 16. Qc2 c4 17. Be2 Bf5 18. Qd2 b5 19. Ng5 Qd7 20. Qd1 a5 21. h3 Nh6 22. g4 Bxg5 23. Bxg5 Be6 24. Bxh6 gxh6 25. Rf6 Kg7 26. Qf1 Rh8 27. Qf3 h5 28. Rf1 hxg4 29. hxg4 Rh6 30. Kf2 Rah8 31. Ke1 Rh4 32. Rg1 Rh3 33. Qg2 R8h4 34. Kd1 Rh2 35. Qf3 Rxe2 36. Rxg6+ fxg6 37. Qf6+ Kg8 38. Qxh4 Re4 39. Qf6 Bxg4+ 40. Kc1 Qf7 41. Qd8+ Kg7 42. Rh1 Bh5 43. Qxa5 Qf3 44. Qc7+ Kh6 45. Rxh5+ Kxh5 46. Qh7+ Kg5 47. Qe7+ Kf4 48. Qh4+ Qg4 49. Qf2+ Qf3 50. Qh4+ Kf5 51. Qf6+ Kg4 52. Qxg6+ Kh3 53. Qh6+ Rh4 54. Qe6+ Kg2 55. Qg6+ Rg4 56. Qc2+ Qf2 57. Qxf2+ Kxf2 58. b3 Ke3 59. bxc4 bxc4 60. Kb2 Kd3 61. a4 Rg6 62. Ka3 Kxc3 63. a5 Kxd4 0-1

[Event "Helsingor Xtracon op"]
[Site "Helsingor"]
[Date "2017.07.24"]
[Round "4"]
[White "Nielsen, Andre"]
[Black "Gottschalck, Christian"]
[Result "1-0"]
[WhiteElo "2094"]
[BlackElo "1705"]
[PlyCount "67"]
[EventDate "2017.07.22"]
[EventType "swiss"]
[EventRounds "10"]
[EventCountry "DEN"]
[SourceTitle "CBM 179 Extra"]
[Source "ChessBase"]
[SourceDate "2017.08.23"]
[SourceVersion "1"]
[SourceVersionDate "2017.08.23"]
[SourceQuality "1"]

1. e4 d5 2. exd5 Nf6 3. d4 Nxd5 4. Nf3 Nc6 5. c4 Nb6 6. Nc3 g6 7. d5 Nb8 8. c5 N6d7 9. Bc4 Bg7 10. Be3 0-0 11. h4 Nf6 12. Qd2 Nbd7 13. Bd4 c6 14. dxc6 bxc6 15. 0-0-0 Qa5 16. h5 e5 17. hxg6 hxg6 18. Be3 Ng4 19. Ne4 Qxd2+ 20. Bxd2 a5 21. Bg5 Nxc5 22. Nxc5 Nxf2 23. Rhf1 Nxd1 24. Kxd1 Ra7 25. Ne4 Rd7+ 26. Kc2 Re8 27. Nf6+ Bxf6 28. Bxf6 Rd6 29. Bxe5 Bf5+ 30. Kc1 Rd7 31. Rh1 Rxe5 32. Nxe5 Rc7 33. Nxf7 Kg7 34. Nd6 1-0

[Event "Helsingor Xtracon op"]
[Site "Helsingor"]
[Date "2017.07.23"]
[Round "3"]
[White "Gottschalck, Christian"]
[Black "Rasmussen, Lars Garne"]
[Result "1-0"]
[WhiteElo "1705"]
[BlackElo "1961"]
[PlyCount "65"]
[EventDate "2017.07.22"]
[EventType "swiss"]
[EventRounds "10"]
[EventCountry "DEN"]
[SourceTitle "CBM 179 Extra"]
[Source "ChessBase"]
[SourceDate "2017.08.23"]
[SourceVersion "1"]
[SourceVersionDate "2017.08.23"]
[SourceQuality "1"]

1. e4 e5 2. Nf3 Nc6 3. Bb5 a6 4. Ba4 Nf6 5. d4 exd4 6. e5 Ne4 7. 0-0 Nc5 8. Bxc6 dxc6 9. Qxd4 Bd7 10. Nc3 Ne6 11. Qe4 Bc5 12. Be3 Qe7 13. a3 Bxe3 14. Qxe3 c5 15. Nd5 Qd8 16. Rad1 0-0 17. Rd2 c6 18. Nc3 Qe7 19. Rfd1 Rad8 20. Ne4 Bc8 21. Nd6 Qc7 22. c3 Rd7 23. Ng5 Nxg5 24. Qxg5 f6 25. exf6 h6 26. Qxc5 Qd8 27. fxg7 Rf6 28. Ne4 Re6 29. Rxd7 Bxd7 30. Rxd7 Qe8 31. f3 b6 32. Qd4 c5 33. Qd5 1-0

[Event "DEN-ch G7-2"]
[Site "Skorping"]
[Date "2017.04.11"]
[Round "1"]
[White "Gottschalck, Christian"]
[Black "Rasmussen, Johnny Koust"]
[Result "1/2-1/2"]
[WhiteElo "1725"]
[BlackElo "1867"]
[PlyCount "55"]
[EventDate "2017.04.11"]
[EventType "swiss"]
[EventRounds "7"]
[EventCountry "DEN"]
[SourceTitle "EXT 2021"]
[Source "ChessBase"]
[SourceDate "2020.10.23"]
[SourceVersion "1"]
[SourceVersionDate "2020.10.23"]
[SourceQuality "1"]

1. e4 e5 2. Nf3 Nc6 3. d4 exd4 4. Bc4 Nf6 5. 0-0 Nxe4 6. Re1 d5 7. Bxd5 Qxd5 8. Nc3 Qa5 9. Rxe4+ Be6 10. Ne2 0-0-0 11. Nexd4 Bd5 12. Bd2 Qb6 13. Nxc6 Bxc6 14. Rf4 f6 15. c3 Bxf3 16. gxf3 Bc5 17. Qc2 Bxf2+ 18. Kg2 Be3 19. Bxe3 Qxe3 20. Rd4 Rxd4 21. cxd4 Qxd4 22. Rd1 Qe5 23. Qd3 Qe7 24. Qf5+ Kb8 25. Rd7 Qe2+ 26. Kg3 h5 27. Qxh5 Qe1+ 28. Kg2 1/2-1/2

[Event "Helsingor Xtracon op"]
[Site "Helsingor"]
[Date "2016.07.31"]
[Round "10"]
[White "Gottschalck, Christian"]
[Black "Langvik, Ulrikke"]
[Result "0-1"]
[WhiteElo "1778"]
[BlackElo "1583"]
[PlyCount "64"]
[EventDate "2016.07.23"]
[EventType "swiss"]
[EventRounds "10"]
[EventCountry "DEN"]
[SourceTitle "CBM 173 Extra"]
[Source "ChessBase"]
[SourceDate "2016.08.29"]
[SourceVersion "1"]
[SourceVersionDate "2016.08.29"]
[SourceQuality "1"]

1. e4 e6 2. d4 d5 3. Nc3 Bb4 4. Nge2 Nc6 5. a3 Be7 6. Bf4 Nf6 7. Qd3 0-0 8. g3 dxe4 9. Nxe4 Nd5 10. Bd2 e5 11. c4 Nf6 12. d5 Nb8 13. N2c3 Nxe4 14. Nxe4 f5 15. Nc3 Nd7 16. b4 b6 17. Bg2 Bb7 18. 0-0 Rb8 19. d6 Bxd6 20. Bxb7 e4 21. Qd5+ Kh8 22. Bc6 Nf6 23. Qb5 Bxg3 24. hxg3 Qxd2 25. Nd5 Ng4 26. Nf4 e3 27. Qd5 exf2+ 28. Kh1 Qc3 29. Qd3 Qf6 30. Bg2 Rbe8 31. Bh3 Re3 32. Qd1 Rxg3 0-1